header

Sexual harassment around the globe (Record no. 59419)

MARC details
000 -LEADER
fixed length control field 01262nam a2200325 a 4500
245 00 - TITLE STATEMENT
Title Sexual harassment around the globe
260 ## - PUBLICATION, DISTRIBUTION, ETC. (IMPRINT)
Place of publication New York :
Name of publisher Nova Science Publishers,
Year of publication c2010.
300 ## - PHYSICAL DESCRIPTION
Number of Pages xiii, 152 p. :
Other physical details ill.
490 1# - SERIES STATEMENT
Series statement Social issues, justice and status
650 #0 - SUBJECT ADDED ENTRY--TOPICAL TERM
Topical Term Sexual harassment of women.
700 1# - ADDED ENTRY--PERSONAL NAME
Personal name Wong, Katherine C.
856 40 - ELECTRONIC LOCATION AND ACCESS
Uniform Resource Identifier http://site.ebrary.com/lib/rucke/Doc?id=10678033

No items available.

© 2026 Rongo University
Contact us: librarian | system librarian | Rongo university